01543cam a22002295a 4500003000400000005001700004008002200021020003900043040000800082082002300090100002100113240003500134245008700169260004600256300004500302521085500347650002001202650002201222650002501244650002501269650001901294KPN20260416151629.020260416b 00| 0 my d a9780836218053qpaperbackcRM125.31 cKPN aBI FK WAT 19882231 aWatterson, Bill.10aCalvin and Hobbes.kSelections14aThe essential Calvin and Hobbes :ba Calvin and Hobbes treasury /cBill Watterson. aKansas City :bAndrews and McMeel,c1988. a254 p. :ball ill. (some col.) ;c29 cm. aBeginning with the day Hobbes sprang into Calvin's tuna fish trap, the first two Calvin and Hobbes collections, Calvin and Hobbes and Something Under The Bed Is Drooling , are brought together in this treasury. Including black-and-white dailies and color Sundays, The Essential Calvin and Hobbes also features an original full-color 16-page story. Perhaps the most brilliant comic strip ever created, Calvin and Hobbes continues to entertain with dazzling cartooning and tremendous humor. Bill Watterson's Calvin and Hobbes has been a worldwide favorite since its introduction in 1985. The strip follows the richly imaginative adventures of Calvin and his trusty tiger, Hobbes. Whether a poignant look at serious family issues or a round of time-travel (with the aid of a well-labeled cardboard box), Calvin and Hobbes will astound and delight you. 2TigersxFiction 2Big CatsxFiction 2Cartoons and comics. 2Cartoons and comics. 2ToysxFictions